Violencia, violencia policial e prácticas policiales /

El objetivo de este trabajo es presentar un breve levantamiento de aspectos del diagnóstico de la llamada violencia urbana y un delineamiento también breve, de algunos trazos constitutivos de la violencia policial -real o representada- seguidos, ambos, de algo cercano a una agenda mínima de investig...

पूर्ण विवरण

में बचाया:
ग्रंथसूची विवरण
मुख्य लेखक: Grossi Porto, Maria Stela
स्वरूप: मूलपाठ
विषय:
टैग: टैग जोड़ें
कोई टैग नहीं, इस रिकॉर्ड को टैग करने वाले पहले व्यक्ति बनें!

MARC

LEADER 00000 a a2200000 04500
001 42371
003
040
100 |a Grossi Porto, Maria Stela  
245 |a Violencia, violencia policial e prácticas policiales /  |c Maria Stela Grossi Porto  
520 |a El objetivo de este trabajo es presentar un breve levantamiento de aspectos del diagnóstico de la llamada violencia urbana y un delineamiento también breve, de algunos trazos constitutivos de la violencia policial -real o representada- seguidos, ambos, de algo cercano a una agenda mínima de investigación, a partir de algunas lagunas referentes al debate sobre estos tipos de violencia.  
590 |a RRA/DICIEMBRE2011  
650 |a 1.VIOLENCIA  
650 |a 2.ESTADO  
650 |a 3.ZONAS URBANAS  
650 |a 4.POLICIA  
773 |g páginas 125-139  
999 |c 27294  |d 27294